|
|
|
|
| LEADER |
01272nam a2200301 a 4500 |
| 001 |
3870 |
| 003 |
BD-DhAAL |
| 005 |
20150215114909.0 |
| 008 |
150215s1994 nyuab b 001 0 eng |
| 010 |
|
|
|a 93038965
|
| 020 |
|
|
|a 007029769X (acidfree paper)
|
| 040 |
|
|
|a DLC
|c DLC
|d DLC
|d BD-DhAAL
|
| 050 |
0 |
0 |
|a JK274
|b .H652 1994
|
| 082 |
0 |
0 |
|a 320.473
|2 20
|
| 100 |
1 |
|
|a Holmes, Jack E.
|9 8431
|
| 245 |
1 |
0 |
|a American government :
|b essentials & perspectives /
|c Jack E. Holmes, Michael J. Engelhardt, Robert E. Elder, Jr.
|
| 250 |
|
|
|a 2nd ed.
|
| 260 |
|
|
|a New York :
|b McGraw-Hill,
|c c1994.
|
| 300 |
|
|
|a xviii, 606 p. :
|b ill., maps ;
|c 24 cm.
|
| 504 |
|
|
|a Includes bibliographical references (p. 561-587) and index.
|
| 541 |
|
|
|e 3870
|
| 651 |
|
0 |
|a United States
|x Politics and government.
|9 8432
|
| 700 |
1 |
|
|a Engelhardt, Michael J.
|9 8433
|
| 700 |
1 |
|
|a Elder, Robert E.,
|d 1942-
|9 8434
|
| 942 |
|
|
|2 ddc
|c BK
|
| 999 |
|
|
|c 33700
|d 33700
|
| 952 |
|
|
|0 0
|1 0
|2 ddc
|4 0
|6 320_473000000000000_HOL
|7 0
|9 52635
|a SCL
|b SCL
|c GEN
|d 2015-02-15
|e Gift: The Asia Foundation
|l 0
|o 320.473 HOL
|p 3020003870
|r 2015-02-15
|t 1
|w 2015-02-15
|y BK
|
| 952 |
|
|
|0 0
|1 0
|2 ddc
|4 0
|6 320_473000000000000_HOL
|7 0
|9 52636
|a SCL
|b SCL
|c GEN
|d 2015-02-15
|e Gift: The Asia Foundation
|l 0
|o 320.473 HOL
|p 3020001376
|r 2015-02-15
|t 2
|w 2015-02-15
|y BK
|